000 00555nam a22002057a 4500
003 OSt
005 20140310183123.0
008 130517t xxu||||| |||| 00| 0 eng d
020 _a9789710445943
050 _aPL 6055
_b.As858 2010
082 _aFIL 808.0427
_bA858 2010
245 _aPagbasa, pagsulat at pananaliksik (Filipino 2)
_cAstorga, Eriberto R.
260 _aManila
_bMindshapers
_c2010
300 _a175 p.
_c25 cm
521 _acollege students
526 _c1210L-1700L
541 _j1
562 _e1
942 _2lcc
_cBK
_kFIL
999 _c18975
_d18975